000 03154cam a22005417a 4500
003 CHAP
005 20220329133344.0
008 971013s1991 r 00010 d
010 _a5368
011 _a6340
035 _a5560
040 _cCHAP
082 _a312.0972
_bM49c 1990 Chis.
110 _aInstituto Nacional de Estadística, Geografía e Informática. México
_959304
245 0 _aCenso general de población y vivienda (11o.) 1990: Chiapas : resultados definitivos
260 _aAguascalientes, Ags. :
_bEl Instituto,
_c1991 - 19 .
300 _av.
500 _aLa biblioteca tiene: v.1-4 Resultados definitivos -- v.5-6 Integración territorial -- v.7 Datos por AGEB urbana -- v.8 Datos por AGEB urbana (141 mapas) -- v.9 Perfil sociodemográfico.-v.10 Sintesis de resultados
590 _aBATCH-UPD
_b10
_c20130110
_lUCH01
_h2049
590 _aBATCH-UPD
_b10
_c20130410
_lUCH01
_h1402
590 _aBATCH-UPD
_b10
_c20130914
_lUCH01
_h1822
590 _aCONVERSION
_b10
_c20130109
_lUCH01
_h1304
650 1 4 _aMéxico
_xCensos (1990)
_976661
650 1 4 _aPoblación
_xEstadísticas
_zChiapas.
_989374
650 1 4 _aVivienda
_xChiapas.
_9120124
901 _aBK
942 _cLIBRO
949 _a312.0972 M49c 1990 Chis.
_bBC
_cESP
_d-75685
_eESP
_fv.8 mapas
_h84666
_i5560
_si
949 _a312.0972 M49c 1990 Chis.
_bBC
_cESP
_d-75686
_eESP
_fv.8 c.2 mapas
_h84668
_i5560
_si
949 _a312.0972 M49c 1990 Chis.
_bBC
_cINEGI
_d33724000466637
_eINEGI
_fv.7 c.2
_h84667
_i5560
_si
949 _a312.0972 M49c 1990 Chis.
_bBC
_cINEGI
_d33724000466769
_eINEGI
_fv.7
_h84665
_i5560
_si
949 _a312.0972 M49c 1990 Chis.
_bBC
_cINEGI
_d33724000467551
_eINEGI
_fv.9 c.2
_h84787
_i5560
_si
949 _a312.0972 M49c 1990 Chis.
_bBC
_cINEGI
_d33724000467742
_eINEGI
_fv.10
_h84973
_i5560
_si
949 _a312.0972 M49c 1990 Chis.
_bBC
_cINEGI
_d33724000485314
_eINEGI
_fv.5
_h81881
_i5560
_si
949 _a312.0972 M49c 1990 Chis.
_bBC
_cINEGI
_d33724000485363
_eINEGI
_fv.1
_h81877
_i5560
_si
949 _a312.0972 M49c 1990 Chis.
_bBC
_cINEGI
_d33724000485462
_eINEGI
_fv.3 c.2
_h81962
_i5560
_si
949 _a312.0972 M49c 1990 Chis.
_bBC
_cINEGI
_d33724000485470
_eINEGI
_fv.3
_h81879
_i5560
_si
949 _a312.0972 M49c 1990 Chis.
_bBC
_cINEGI
_d33724000485488
_eINEGI
_fv.5 c.2
_h81964
_i5560
_si
949 _a312.0972 M49c 1990 Chis.
_bBC
_cINEGI
_d33724000485496
_eINEGI
_fv.2 c.2
_h81961
_i5560
_si
949 _a312.0972 M49c 1990 Chis.
_bBC
_cINEGI
_d33724000505277
_eINEGI
_fv.4
_h81880
_i5560
_si
949 _a312.0972 M49c 1990 Chis.
_bBC
_cINEGI
_d33724000505335
_eINEGI
_fv.2
_h81878
_i5560
_si
949 _a312.0972 M49c 1990 Chis.
_bBC
_cINEGI
_d33724000505384
_eINEGI
_fv.6 c.2
_h81965
_i5560
_si
949 _a312.0972 M49c 1990 Chis.
_bBC
_cINEGI
_d33724000505392
_eINEGI
_fv.6
_h81882
_i5560
_si
949 _a312.0972 M49c 1990 Chis.
_bBC
_cINEGI
_d33724000505475
_eINEGI
_fv.4 c.2
_h81963
_i5560
_si
949 _a312.0972 M49c 1990 Chis.
_bBC
_cINEGI
_d33724000505491
_eINEGI
_fv.1 c.2
_h81960
_i5560
_si
949 _a312.0972 M49c 1990 Chis.
_bBC
_cINEGI
_d33724000535498
_eINEGI
_fv.9
_h84786
_i5560
_si
949 _a312.0972 M49c 1990 Chis.
_bBC
_cINEGI
_d33724000841300
_eINEGI
_fv.10 c.2
_gDonaciØn
_h100671
_i5560
_sb
999 _c5368
_d5368